Handbook of specifications and practical guide...in drawing up specifications and contracts for works and building part 2 (Record no. 86088)

MARC details
000 -LEADER
fixed length control field 00474cam a2200169 4500
001 - CONTROL NUMBER
control field D12645
008 - FIXED-LENGTH DATA ELEMENTS--GENERAL INFORMATION
fixed length control field 090401t xxu||||| |||| 00| 0 eng d
035 ## - SYSTEM CONTROL NUMBER
System control number (Sirsi) u4925
041 ## - LANGUAGE CODE
Language code of text/sound track or separate title eng
100 ## - MAIN ENTRY--PERSONAL NAME
Personal name Donaldson, T.L.
245 ## - TITLE STATEMENT
Title Handbook of specifications and practical guide...in drawing up specifications and contracts for works and building part 2
260 ## - PUBLICATION, DISTRIBUTION, ETC.
Place of publication, distribution, etc. London
Name of publisher, distributor, etc. Aldley and Co
Date of publication, distribution, etc. nd
350 ## - PRICE (NR) (BK AM CF MU VM SE) [OBSOLETE]
Price 0
520 ## - SUMMARY, ETC.
Summary, etc. Shelf 179
942 ## - ADDED ENTRY ELEMENTS (KOHA)
Suppress in OPAC 0
948 ## - LOCAL PROCESSING INFORMATION (OCLC); SERIES PART DESIGNATOR (RLIN)
c (OCLC) 04/03/1997
Holdings
Withdrawn status Lost status Source of classification or shelving scheme Damaged status Not for loan Home library Current library Shelving location Date acquired Total Checkouts Full call number Barcode Date last seen Copy number Price effective from Koha item type
    Other/Generic Classification Scheme     London London Basement 14/09/1999   SHELF 322 30014198 06/08/2019 1 06/08/2019 Reference material